University Home | Library Home | Institutional Repository

Human rights in cross-cultural perspectives : (Record no. 121175)

MARC details
000 -LEADER
fixed length control field 00501cam8a220016900 4500
001 - CONTROL NUMBER
control field tmp15765278
003 - CONTROL NUMBER IDENTIFIER
control field UPRA
005 - DATE AND TIME OF LATEST TRANSACTION
control field 20190822082051.0
008 - FIXED-LENGTH DATA ELEMENTS--GENERAL INFORMATION
fixed length control field 951024s1991 xx eng u
035 ## - SYSTEM CONTROL NUMBER
System control number (Sirsi) r43952
035 ## - SYSTEM CONTROL NUMBER
System control number (UPRA)tmp15765278
040 ## - CATALOGING SOURCE
Transcribing agency UPRA
245 00 - TITLE STATEMENT
Title Human rights in cross-cultural perspectives :
Remainder of title a quest for consensus /
Statement of responsibility, etc. edited by Abdullahi Ahmed An-Na`im.
260 ## - PUBLICATION, DISTRIBUTION, ETC.
Date of publication, distribution, etc. 1991.
949 ## - LOCAL PROCESSING INFORMATION (OCLC)
a KJ605
w lcc
i 33729001720320
m MAIN
p 2500
t BOOK
l ON-SHELF

No items available.

© 2026 - The University of Zambia Library - Koha v25.11